Gaming Quiz

Random Gaming or War Quiz

Character Quotes in G.O.W. Quiz Stats

 Plays Quiz not verified by Sporcle

Score 0/40 Timer 05:00
0 Plays Today
Quote Who % Correct
'My vengeance...ends now.'Kratos
62.3%
'I grow weary of you, my son.'Zeus
59.4%
'Feel the power...of the SUN!!!'Helios
57.5%
'You challenge me, Mortal? A God of Olympus?'Poseidon
55.7%
'Soon I will become the God of War and claim the throne for myself!'Hercules
53.8%
'Hope is what makes us strong. It is why we are here. It is what we fight with when all hope is lost.'Pandora
52.8%
'A fear that drove Zeus to kill you...his own son.'Athena
51.9%
'You don't try to catch me because you know you can't.'Hermes
48.1%
'I'll drink to that.'Hera
44.3%
'I enjoy listening to your pain.'Hades
42.5%
'You will become Death itself!'Ares
39.6%
'Let us finally see who is the greatest warrior in all of Greece.'Theseus
39.6%
'I never sought your death, Spartan.'Gaia
38.7%
'At least I can bathe in the glory of being the one who brought down the mighty Kratos, the Slayer of Gods.'Perseus
38.7%
'The Gods have truly blessed you, Kratos.'Aphrodite
36.8%
'I have given you the last of my magic, Spartan.'Atlas
36.8%
'Mother, what's happening out there?'Calliope
34.9%
'She still lives, Spartan. I can feel it.'Hephaestus
32.1%
'Do you remember that day, Spartan?'Alrik
31.1%
'We control your destiny, foolish mortal.'Atropos
30.2%
Quote Who % Correct
'Athena isn't the only God watching over you.'Gravedigger
30.2%
'I will make you into a bloody stain!'Cronos
29.2%
'Did you think I would forget?'Deimos
27.4%
'You again?!'Boat Captain
26.4%
'This is MY test!'Icarus
25.5%
'None defy what the Fates decree.'Lahkesis
24.5%
'You meddle in things you do not understand.'Clotho
21.7%
'I will perish, but it is my choice.'Persephone
21.7%
'We share a common fate, Kratos.'Charon
21.7%
'The ashes of your wife and child shall remain fastened to your skin, never to be removed!'Village Oracle
20.8%
'Kratos, as Athena herself has foretold.'Oracle of Athens
20.8%
'What have you done with my child?'Daedalus
20.8%
'He lives, trapped in torment.'Callisto
19.8%
'It is not evil I bring, Spartan.'Persian King
19.8%
'So you think you can conquer the Temple of the Gods, do you?'Body Burner
16%
'How much is enough, Kratos?'Lysandra
15.1%
'I have suffered enough, Spartan.'Peirithous
13.2%
'Ares chose poorly that day.'Thanatos
12.3%
'Lord Kratos! Do not leave me!'Poseidon's Princess
8.5%
'Ghost of Sparta...The God-Slayer...'Erinys
7.5%

You're not logged in!

Compare scores with friends on all Sporcle quizzes.
OR
Log In

Show Comments

Extras

Top Quizzes Today


Score Distribution

Your Account Isn't Verified!

In order to create a playlist on Sporcle, you need to verify the email address you used during registration. Go to your Sporcle Settings to finish the process.

Report this User

Report this user for behavior that violates our Community Guidelines.

Details: